000 01275nam a2200397 a 4500
005 20200104041514.0
008 140221s1996 sz fr|||| 001 0 eng d
020 _a2831702224
040 _aCO-BoIAVH
_cCO-BoIAVH
041 0 _aeng
044 _ack
082 0 4 _a333.95
_bG56g
100 1 _aGlowka, Lyle
245 1 2 _aA guide to the convention on biological diversity
260 _aGland :
_bIUCN,
_c1996.
300 _a161 páginas ;
_c30 x 21 cm.
500 _aIncluye índice.
504 _aIncluye referencias bibliográficas: páginas 143-148.
650 1 6 _aBiodiversidad
650 2 6 _aConvenio sobre diversidad biológica
650 2 6 _aImpacto ambiental
650 2 6 _aBiotecnología
650 2 6 _aApoyo institucional
650 2 6 _aEcología de ecosistemas
650 2 6 _aDiversidad genética
650 2 6 _aManejo sostenible
650 2 6 _aConservación in situ
650 2 6 _aConservación ex situ
650 2 6 _aEducación ambiental
650 2 6 _aAcceso a recursos genéticos
700 1 _aSynge, Hugh
700 1 _aBurhenne Guilmin, Francoise
700 1 _aGündling, Lothar
700 1 _aMcNeely, Jeffrey A.
942 _cLIBRO
_2ddc
999 _c717
_d717